书目信息 |
| 题名: |
区域经济的生态化定向
|
|
| 作者: | 黄桦, 著 | |
| 分册: | ||
| 出版信息: | 太原 山西经济出版社 2017.12 |
|
| 页数: | 10, 271页 | |
| 开本: | 24cm | |
| 丛书名: | 生态文明建设思想文库 | |
| 单 册: | ||
| 中图分类: | F114.46 | |
| 科图分类: | ||
| 主题词: | 区域经济发展--qu yu jing ji fa zhan--生态经济--研究 | |
| 电子资源: | ||
| ISBN: | 978-7-5577-0286-1 | |
| 000 | 01338nam 2200289 450 | |
| 001 | CAL 0120182484695 | |
| 005 | 20230217093111.0 | |
| 010 | @a978-7-5577-0286-1@dCNY55.00 | |
| 100 | @a20180605d2017 em y0chiy0120 ea | |
| 101 | 0 | @achi |
| 102 | @aCN@b140000 | |
| 105 | @aak a 000yy | |
| 106 | @ar | |
| 200 | 1 | @a区域经济的生态化定向@Aqu yu jing ji de sheng tai hua ding xiang@e突破粗放区域经济发展观@f黄桦著 |
| 210 | @a太原@c山西经济出版社@d2017.12 | |
| 215 | @a10, 271页@c图@d24cm | |
| 225 | 2 | @a生态文明建设思想文库@Asheng tai wen ming jian she si xiang wen ku |
| 314 | @a黄桦, 党员。 | |
| 320 | @a有书目 (第263-269页) | |
| 330 | @a本书旨在以“生态文明建设”为前提, 依据《当代工业生态学》和《协同学》方法论的基本原理, 突破多年来一直受新自由主义经济学思想影响的粗放型经济发展的思维定势, 强调区域性经济、社会、生态多元目标动态平衡和协调发展。因此, 有关区域经济生态化定向的基本界说就是: 借助对区域性生态系统和生物圈的协同认知, 寻求使之与生物生态系统“正常”运行相匹配的革新途径的经济发展定向。 | |
| 410 | 0 | @12001 @a生态文明建设思想文库 |
| 517 | 1 | @a突破粗放区域经济发展观@Atu po cu fang qu yu jing ji fa zhan guan |
| 606 | 0 | @a区域经济发展@Aqu yu jing ji fa zhan@x生态经济@x研究 |
| 690 | @aF114.46@v5 | |
| 701 | 0 | @a黄桦,@Ahuang hua@f1977-@4著 |
| 801 | 0 | @aCN@bBJXHZP@c20230228 |
| 905 | @b1388214-8@dF114.46@e209@f5 | |
| 区域经济的生态化定向:突破粗放区域经济发展观/黄桦著.-太原:山西经济出版社,2017.12 |
| 10, 271页:图;24cm.-(生态文明建设思想文库) |
| ISBN 978-7-5577-0286-1:CNY55.00 |
| 本书旨在以“生态文明建设”为前提, 依据《当代工业生态学》和《协同学》方法论的基本原理, 突破多年来一直受新自由主义经济学思想影响的粗放型经济发展的思维定势, 强调区域性经济、社会、生态多元目标动态平衡和协调发展。因此, 有关区域经济生态化定向的基本界说就是: 借助对区域性生态系统和生物圈的协同认知, 寻求使之与生物生态系统“正常”运行相匹配的革新途径的经济发展定向。 |
| ● |
| 相关链接 |
|
|
|
|
正题名:区域经济的生态化定向
索取号:F114.46/209
 
预约/预借
| 序号 | 登录号 | 条形码 | 馆藏地/架位号 | 状态 | 备注 |
| 1 | 1388214 | 213882146 | 第一样本阅览室/ [索取号:F114.46/209] | 在馆 | |
| 2 | 1388215 | 213882155 | 第一借阅区/ [索取号:F114.46/209] | 在馆 | |
| 3 | 1388216 | 213882164 | 第一借阅区/ [索取号:F114.46/209] | 在馆 | |
| 4 | 1388217 | 213882173 | 第一借阅区/ [索取号:F114.46/209] | 在馆 | |
| 5 | 1388218 | 213882182 | 第一借阅区/ [索取号:F114.46/209] | 在馆 |